| 000 | 00918cab a2200253 4500 | ||
|---|---|---|---|
| 001 | W7996 | ||
| 008 | 090401t1994 xxu||||| |||| 00| 0 eng d | ||
| 035 | _a(Sirsi) u58931 | ||
| 041 | _aeng | ||
| 245 | _aSham transaction | ||
| 260 | _c1994 | ||
| 350 | _a0 | ||
| 490 |
_aEstates Gazette Case Summaries _v(1994) EGCS 113(1) (25/6/94) |
||
| 520 | _a"Midland Bank plc v Wyatt and others" ChD 10 June 1994. A charging order was made on the defendant`s interest in property. His defence, a trust arrangement giving his equity in the property to his wife and children, was found to be a sham intended to protect this asset from commercial risk if he set up in business. | ||
| 650 | _aCREDITORS | ||
| 650 | _aINSOLVENCY ACT 1986 S423 | ||
| 650 |
_aInsolvency _96247 |
||
| 650 | _aJOINT OWNERS | ||
| 650 | _aSHAM | ||
| 650 | _aTRUST | ||
| 690 | _aPROPERTY LAW AND PRACTICE | ||
| 942 | _n0 | ||
| 948 | _c04/03/1997 | ||
| 999 |
_c36057 _d36057 |
||